000 00566nam a2200181Ia 4500
008 151018s9999 xx 000 0 und d
082 _bRBASDV26013
_a891.463
100 _aसंजय सोनवणी
245 _aखिन्न रात्र
250 _b1
260 _bअमोल प्रकाशन मुंबई
300 _a176
600 _aसंजय सोनवणी
630 _aखिन्न रात्र
700 _aसंजय सोनवणी
730 _aखिन्न रात्र
942 _cBOOK
999 _c1025621
_d1025618